Slovenčina moja cvičebnica slovenského jazyka pre ľudové školy III. diel pre 2.-3. postupný ročník

Bibliographic Details
Other Authors: Prídavok, Marián, 1905-1955 (Compiler), Volf, František, 1897-1983 (Compiler), Rob, Jan, narodený 1884 (Compiler), Rumpel, Mikuláš (Compiler), Petr, Ludvík (Compiler), Hála, Jan, 1890-1959 (Illustrator)
Format: Book
Language:Slovak
Published: Praha Prešov Československá grafická Unie 1935
Subjects:

MARC

LEADER 00000cam a2200000 a 4500
001 vtls008396961
003 SK-MaSNL
005 20260303073735.0
008 251104s1935 xr al brp 000 0 slo
015 |a SNBA19191938-011234 
020 |q (viazané) 
035 |a SK01SNKBSKHR20010089178 
035 |a SKM000091641 
040 |a SNK  |b slo  |c SNK  |e AACR2 
041 0 |a slo 
044 |a xr  |a CZ  |a xo  |c SK 
072 7 |a 811.162.4  |x Slovenčina  |2 konspekt 
072 7 |a 81  |x Lingvistika. Jazyky  |2 konspekt 
072 7 |a 37.016  |x Učebné osnovy. Vyučovacie predmety. Učebnice  |2 konspekt 
080 |a 811.162.4  |2 2011 
080 |a 81'36  |2 2011 
080 |a (075.2)  |2 2011 
245 0 0 |a Slovenčina moja  |n III. diel pre 2.-3. postupný ročník  |b cvičebnica slovenského jazyka pre ľudové školy  |c podľa definitívnych osnov sostavili Marián Prídavok, František Volf a Ján Rob, Mikuláš Rumpel, Ľudovít Petr ; ilustroval Ján Hála 
260 |a Praha  |a Prešov  |b Československá grafická Unie  |c 1935 
300 |a 119 strán  |b ilustrácie, tabuľky  |c 21 cm 
500 |a S 27 obrázkami v texte 
650 0 7 |a slovenčina  |2 SNKPH  |9 1350 
650 0 7 |a gramatika  |2 SNKPH  |9 865 
655 7 |a učebnice základných škôl  |2 SNKPH  |9 70187 
655 7 |a cvičebnice  |2 SNKPH  |9 60803 
700 1 |a Prídavok, Marián,  |d 1905-1955  |4 com  |9 108624 
700 1 |a Volf, František,  |d 1897-1983  |4 com  |9 37660 
700 1 |a Rob, Jan,  |d narodený 1884  |4 com  |9 428075 
700 1 |a Rumpel, Mikuláš  |4 com  |9 62462 
700 1 |a Petr, Ludvík  |4 com  |9 413510 
700 1 |a Hála, Jan,  |d 1890-1959  |4 ill  |9 113837 
852 |a Slovenská národná knižnica 
954 |a odborná, vedecká literatúra pôvodná (slovenská)  |2 lita 
954 |a odborná, vedecká literatúra cudzojazyčná (svetová)  |2 lita 
958 |a EUIPO 
958 |a RK 
958 |a TL 
958 |a DB 
958 |a OND 
958 |a UC 
999 |c 680121  |d 682051 
952 |a SNK  |b SNK  |y PREZ  |7 0  |p 17A0727528  |o snkSC 1933/3  |i snk973/36  |0 0  |1 0  |4 0  |d 2018-03-02  |l 0  |r 2025-06-11 00:00:00  |w 2026-02-23